[Event "Klubbmesterskapet"]
[Site "Kristiansund"]
[Date "2009.04.21"]
[Round "5"]
[White "Hoem, Tor Wetle"]
[Black "Hoem, Per Erik"]
[Result "1-0"]
[WhiteElo "1771"]
[BlackElo "1406"]
[PlyCount "65"]

1. d4 d5 2. Nf3 Nf6 3. e3 Bg4 4. c4 c6 5. Nc3 e6 6. cxd5 exd5 7. Bd3 Bd6 8. O-O
 O-O 9. e4 dxe4 10. Nxe4 Nxe4 11. Bxe4 Qc7 12. Bxh7+ Kh8 13. Bc2
Bxh2+ 14. Kh1 Bf4 15. Qd3 g6 16. g3 Bxc1 17. Raxc1
Kg7 18. Nh4 Qd6 19. Kg2 Qf6 20. f4 Nd7 21. f5 g5 22. Qe4 Bh5 23. Nf3 Rae8 24.
Qd3 Bxf3+ 25. Rxf3 Rh8 26. Rff1 a6 (26... Nb6 27. Bb3 Nd5 28. Bxd5 cxd5 29.
Rce1 (29. Rh1 Rxh1 30. Rxh1 Re4) (29. Rc5) 29... Rxe1 30. Rxe1 Qh6 31. f6+ Qxf6
32. Rf1 Qh6 33. Qf5 Qh2+ 34. Kf3 Re8) 27. Bb3 Nb6 (27...
g4 28. Rf4 Qg5 29. Qc4 Re7 30. Re1 Qh5) 28. Rh1 Rxh1 29. Rxh1 Rd8 30. Qe3 (30.
Rd1 c5) 30... Rxd4 (30... Qxf5 31. Rh5 (31. Rf1 Nd5) 31... Kg6 32. Rh1 Nd5) 31.
Rh5 Nd5 (31... Nc4 32. Bxc4 Rxc4 33. Rxg5+ Kf8 34. Qd2 Rd4 (34... Qd4 35. Qxd4
Rxd4 36. f6 Rd6 (36... Rd2+ 37. Kf3 Rxb2 38. Rh5 Kg8 (38... Ke8) 39. Rg5+ Kf8
40. Rh5 Ke8 41. Re5+ Kd7 42. Re7+ Kd6 43. g4) 37. Rf5 Rd2+ 38. Kf3 Rxb2 39. g4
(39. Rh5) 39... Rxa2 40. Rh5) 35. Qc3 (35. Qe3 Rd5 36. b4) 35... Qxg5 (35...
Qe5) 36. Qxd4 Qxf5) 32. Qe8 Rd2+ (32... Nf4+ 33. gxf4 Rd8) 33. Kh1 1-0

[Event "Klubbmesterskapet"]
[Site "Kristiansund"]
[Date "2009.04.14"]
[Round "5"]
[White "Hoem, Audun"]
[Black "Dahlen, Ole Henrik"]
[Result "1-0"]
[WhiteElo "879"]
[BlackElo "928"]
[Annotator "Tore Kristiansen"]
[PlyCount "29"]
[EventDate "2009.??.??"]

1. e4 e5 2. Nf3 Nc6 3. Bc4 Bc5 4. c3 Nf6 5. d4 exd4 6. cxd4 Bb4+ 7. Nc3 Nxe4 8.
O-O Bxc3 9. d5 Ne5 10. Nxe5 $2 Bxe5 11. Re1 O-O (11... Qe7 12. Qe2 f5 13. f3 d6
{og hvit har ikke kompensasjon for bonden. Heller tvert i mot. Her står svart
klart best.}) 12. Rxe4 Bd6 (12... d6 {
var litt bedre enn teksttrekket. Åpner for hvitfeltsløperen.}) 13. Rg4 {
Hvit forsøker seg på en bløff.} c6 {
som svart går inn i... Nesten alle trekk var bedre enn dette.} 14. Bh6 {
Men hvit lukker ikke fellen...} (14. Qd4 {
Truer matt på g7 og får dronninga med i spill rundt svarts konge.} f6 (14... g6
15. Bh6 f6) 15. dxc6+) 14... g6 (14... Be5 {var et mye bedre trekk.}) 15. dxc6
1-0

[Event "Klubbmesterskapet"]
[Site "Kristiansund"]
[Date "2009.04.14"]
[Round "5"]
[White "Kristiansen, Tore"]
[Black "Schanzenbecher, Pat"]
[Result "1-0"]
[WhiteElo "1655"]
[BlackElo "1360"]
[PlyCount "149"]
[EventDate "2009.??.??"]

1. e4 c5 2. Nf3 d6 3. d4 cxd4 4. Nxd4 Nf6 5. Nc3 a6 6. Be2 Nc6 7. Be3 e6 8. O-O
Be7 9. f4 O-O 10. Qd2 Nxd4 11. Bxd4 b5 12. e5 dxe5 13. fxe5 Nd5 14. Nxd5 exd5
15. Rad1 Bb7 16. Bg4 Qc7 17. c3 Bc8 18. Bf3 Be6 19. Qf2 Rac8 20. Qg3 Bc5 21.
Kh1 Rfd8 22. a3 Qa7 23. Rd2 Bxd4 24. Rxd4 Rc4 25. Rfd1 (25. Qh4 Rdc8 (25... Qc7
26. Be4) (25... Re8) 26. Be4 Rxd4 27. Bxh7+ Kf8 28. cxd4 Qe7 29. Qf2 Qg5) 25...
Rxd4 26. Rxd4 Qe7 27. h4 Qc7 28. Qg5 h6 29. Qe3 Qe7 30. g3 f6 31. Kg2 $4 (31.
exf6 Qxf6 32. a4 bxa4 33. Rxa4 Qf5 34. Bg2 Rd6 35. Qa7) 31... fxe5 32. Qxe5 $4
Qd6 $4 (32... Bh3+) 33. Qe3 Bf7 34. Qd3 Qe5 35. Qd2 Rd6 36. Qf4 Qxf4 37. Rxf4
Kf8 38. Rd4 Ke7 39. Kf2 Ke6 40. Ke3 Ke5 41. Be2 Bg6 42. a4 Be8 43. axb5 Bxb5
44. Bd1 Rc6 45. Rg4 Rc7 46. Rg6 Re7 47. Rg4 Kf5+ 48. Kd2 g5 49. Rd4 Ke5 50. Bf3
Bc4 51. Be2 Bxe2 52. Kxe2 Rb7 53. b4 Rc7 54. Kd3 Rf7 55. Ke2 Rg7 56. h5 Rf7 57.
Rd2 Rc7 58. Kd3 Rf7 59. Ke3 Rc7 60. Kd3 Rf7 61. Re2+ Kd6 62. Re3 (62. Ra2 Rf3+
63. Kd4 Rxg3 64. Rxa6+) 62... Rf6 63. Kd4 Rf1 64. Rd3 Rf6 65. Re3 Rf1 66. c4
dxc4 67. Kxc4 Rc1+ 68. Kb3 Rc6 69. Ka4 Kc7 70. Ka5 Kb7 71. Re7+ Kb8 72. Rg7 Ka8
73. Rg6 Rc7 74. Rxa6+ Kb8 75. Rxh6 1-0

[Event "Klubbmesterskapet"]
[Site "Kristiansund"]
[Date "2009.03.24"]
[Round "4"]
[White "Schanzenbecher, Pat"]
[Black "Simensen, Vegard"]
[Result "0-1"]
[WhiteElo "1360"]
[BlackElo "1358"]
[PlyCount "73"]

1. d4 e6 2. c4 Nf6 3. Nc3 d5 4. Bg5 Be7 5. e3 O-O 6. Nf3 b6 7. Bd3 Bb7 8. O-O
Nbd7 9. Rc1 Rc8 10. Re1 c5 11. cxd5 exd5 12. a3 Ne4 13. Bxe7 Qxe7 14. Nd2 f5
15. Bxe4 fxe4 16. Nf1 Qg5 17. Ng3 Rcd8 18. Qh5 Qf6 19. Rf1 Nb8 20. Rcd1 g6 21.
Qe5 Qxe5 22. dxe5 Ba6 23. Nce2 Nc6 24. f4 exf3 25. Rxf3 Rxf3 26. gxf3 Nxe5 27.
Kg2 Kg7 28. Nf4 Nc4 29. Ne6+ Kf6 30. Nxd8 Nxe3+ 31. Kg1 Nxd1 32. b4 c4 33. Kf1
c3+ 34. Ke1 Ne3 35. Nc6 Nc2+ 36. Kd1 Nxa3 37. Ne2 0-1

[Event "Klubbmesterskapet"]
[Site "Kristiansund"]
[Date "2009.03.24"]
[Round "4"]
[White "Hoem, Per Erik"]
[Black "Edøy, Rune"]
[Result "1-0"]
[WhiteElo "1406"]
[BlackElo "1226"]
[PlyCount "35"]

1. d4 Nf6 2. Nf3 g6 3. Bg5 Bg7 4. e3 d6 5. Bc4 O-O 6. Nbd2 h6 7. Bh4 d5 8. Bd3
g5 9. Nxg5 hxg5 10. Bxg5 Qd6 11. Bf4 Qd7 12. h4 c6 13. h5 Qg4 14. Qxg4 (14. h6
Qxg2 (14... Qxd1+ 15. Rxd1 Bh8 16. h7+ Kg7) 15. Rh2 Qg1+ 16. Ke2) 14... Nxg4
15. h6 Bh8 (15... Bf6 16. Rh5 (16. h7+ Kh8) 16... Re8 17. f3 e5 18. Bg5 e4 19.
fxg4 Bxg5 20. Rxg5+ Kh7 21. Be2) 16. h7+ Kg7 17. f3 Nf6 (17... Re8 18. fxg4
Bxg4) 18. Bh6# 1-0

[Event "Klubbmesterskapet"]
[Site "Kristiansund"]
[Date "2009.03.19"]
[Round "3"]
[White "Edøy, Rune"]
[Black "Hoem, Audun"]
[Result "1-0"]
[WhiteElo "1226"]
[BlackElo "885"]
[Annotator "Hoem, Robin"]
[PlyCount "73"]

1. e4 e5 2. Nf3 Nc6 3. Bb5 Nf6 4. O-O a6 5. Ba4 Be7 6. Re1 b5 7. Bb3 O-O 8. d4
d6 9. c3 Bg4 10. d5 Na5 11. Bc2 Qd7 12. Nbd2 c6 {Bra plan. Sort må prøve å
bryte opp hvits sentrum} 13. Nf1 $6 Qb7 {Et litt "klønete" trekk i og med at
sort kunne fått en meget bekvem stilling ved å slå på d5. Teksttrekket er
fortsatt ikke dårlig, men bare ikke det beste.} (13... cxd5 14. exd5 Nc4 15. b3
Nb6) 14. Bg5 $6 {Nå blir hvit nødt til å kvitte seg med løperparet om sort
slår på d5. Stillingen er likevel i balanse selv om det er unødvendig å gi fra
seg løperparet uten grunn.} Nc4 $1 15. b3 $1 {Her spiller begge parter veldig
godt} Nb6 16. Bxf6 {hva er vitsen?} Bxf6 17. dxc6 Qxc6 18. Ne3 $6 {Forståelig
nok trekk posisjonelt. Bare synd at sort vinner bonde uten kompensasjon om
han vil.} Bh5 (18... Bxf3 19. Qxf3 Qxc3) 19. c4 bxc4 20. Nxc4 Nxc4 21. bxc4 {
Sort kan her bare fullføre utviklingen. Få et tårn i b-linjen og så utnytte
fordelen med løperparet og at hvit har en svak bonde på c4. Fordel sort. 
Sort har selvsagt også en litt svak bonde på d6, men den er lettere å dekke
opp enn hvits udugelige på c4.} Qxc4 {Et helt ok trekk selv om hvit nå får
litt motspill ved at d5-feltet blir veldig svakt og at hvits hvitfelter blir
bra, men selvsagt ingen krise... enda} 22. Bb3 Qc7 23. Rc1 Qd7 $2 {Et dårlig
trekk, men heldigvis for sort så overser hvit kombinasjonen som fører til bra
spill for hvit.  Selv om dog sort er godt innenfor remisgrensen.} 24. Bd5 (24.
Nxe5 Bxe5 25. Qxh5) (24. Nxe5 Bxd1 25. Nxd7 Bxb3 26. axb3 Rfc8 27. Nxf6+ gxf6
$14) 24... Rac8 25. Qd3 Bxf3 {Litt rart trekk. Sort bør heller bytte av et
tårn på c1 og så spille med løperparet, som er det eneste å spille på i slike
stillinger.} 26. Qxf3 Bg5 27. Rxc8 Rxc8 28. Rb1 g6 {Begge sider spiller igjen
veldig mange gode naturlige trekk som viser at det bor mye sjakk i dem.} 29. h4
$5 Bh6 $4 {Dette er et såkalt "Møkkadrag" som taper på stedet. Sort burde bare glemt den gode
stillingen han hadde tidligere og gått for tårnbytte med} (29...Rc1 {og ulikefarget
løperspill og garantert remis.}) (29... Bxh4 30. Rb7 Rc7 31. Qxf7+ Qxf7 32. Rxc7
$18 {og hvit står til vinst}) 30. Rb7 Rc7 31. Rb8+ $4 {her kommer brølerne på
rekke og rad. Hvit kunne avgjort det hele med} (31. Qxf7+ {og sort kunne bare pakket
sammen sakene. Nå står sort bedre, men selvsagt den mest logiske utgangen av
partiet vil være remis.}) Kg7 32. g4 {Dette trekket bør man ikke kunne gjøre ustraffet. 
Hvit hadde ikke tidsnød heller, så det er ingen unnskyldning for dette trekket. Det 
lager et hull på f4 der sorts løper kan stå for all evighet ala hvits d5-felt. 
Sisteraden er ubeskyttet i tilfelle sort har lyst å sjakke litt.} Bf4 $1 33. g5
a5 {virker som om sort ikke helt virker sikker på hva han bør gjøre, men
trekket er ikke dårlig.  Men sort kunne i stedet ha brutt opp bondestormen på
kongefløyen.} (33... h6 34. gxh6+ Kxh6 {og sort står litt bedre}) 34. Kg2 Qa4
35. Qg4 Qc2 $4 {Nå er alt over igjen. Sort burde tatt den siste sjansen for å
få vekk "mattfellebøndene" og remis burde være innen rekkevidde... for begge to.}
36. h5 $1 Rc3 37. h6# {Dette var et bra parti av begge to til tider, men viser
litt av hva vi klubbspillere bør trene mer på. Taktiske kombinasjoner og
stillingsforståelse. Det var absolutt ingenting å utsette på åpningen der
begge to spilte nærmeste prikkfritt. Et morsomt parti.} 1-0

[Event "Klubbmesterskapet"]
[Site "Kristiansund"]
[Date "2009.03.10"]
[Round "3"]
[White "Simensen, Vegard"]
[Black "Nilsen, Roy André"]
[Result "1-0"]
[WhiteElo "1358"]
[BlackElo "715"]
[PlyCount "33"]

1. d4 d5 2. c4 c6 3. Nc3 dxc4 4. e4 e6 5. Bxc4 Bb4 6. Nf3 Ne7 7. O-O O-O 8. Bg5 f6 
9. Bh4 Ng6 10. Bg3 Bd6 11. Qc2 Bxg3 12. fxg3 Qd6 13. Rad1 c5 14. d5 Qc7 15. dxe6 Rd8 
16. Rxd8+ Qxd8 17. e7+ 1-0

[Event "Klubbmesterskapet"]
[Site "Kristiansund"]
[Date "2009.03.10"]
[Round "3"]
[White "Schanzenbecher, Pat"]
[Black "Dahlen, Ole Henrik"]
[Result "1-0"]
[WhiteElo "1360"]
[BlackElo "928"]
[PlyCount "47"]

1. d4 d5 2. c4 Nf6 3. Nc3 e6 4. Bg5 Be7 5. e3 O-O 6. Nf3
dxc4 7. Bxc4 Nc6 8. a3 Na5 9. Bd3 Nb3 10. Qxb3 h6 11. Bxf6 Bxf6 12. O-O b6 13.
Qc2 Bb7 14. Be4 Rb8 15. Rac1 Bxe4 16. Qxe4 Qe7 17. Qc6 Rbd8 18. Ne4 b5 19. b4
Rb8 20. Qxc7 Qxc7 21. Rxc7 a5 22. Nxf6+ gxf6 23. Rfc1 axb4 24. axb4 1-0

[Event "Klubbmesterskapet"]
[Site "Kristiansund"]
[Date "2009.02.24"]
[Round "3"]
[White "Hoem, Tor Wetle"]
[Black "Kristiansen, Tore"]
[Result "1-0"]
[WhiteElo "1774"]
[BlackElo "1655"]
[PlyCount "125"]


1. d4 d5 2. c4 dxc4 3. Nf3 Nf6 4. Nc3 e6 5. e3 Nbd7 6.
Bxc4 Be7 7. O-O O-O 8. e4 Nb6 9. Bb3 c5 10. Bf4 Bd7 11. d5 exd5 12. exd5 Nh5
13. Be3 Bg4 14. h3 Bxf3 15. Qxf3 Nf6 16. Rad1 Bd6 17. Bg5 h6 18. Bh4 g5 19. Bg3 a6 
20. Bc2 Kg7 21. Ne2 Re8 22. Bxd6 Qxd6 23. Ng3 Qf4 24. Qc3 Qe5 25. Nf5+ Kg8 26.
Nxh6+ Kg7 27. Nf5+ Kg8 28. Qf3 Qf4 29. Qb3 Qb4 30. Qg3 Qf4 31. d6 Rad8 32. Qc3 Nbd7 
33. Nh6+ Kg7 34. Ng4 Re6 35. g3 Qb4 36. Qf3 Ne5 37. Qf5 Nexg4 38. Qxg5+ Kf8 39.
hxg4 Qxg4 40. Qxc5 Qh5 41. Qxh5 Nxh5 42. Bf5 Rexd6 43. Rxd6 Rxd6 44. Rc1 b6 45.
Kg2 Nf6 46. Kf3 Kg7 47. a3 a5 48. Rc4 Nd7 49. Kf4 Nc5 50. Ke5 Rd2 51. Rc2 Nd3+
52. Bxd3 Rxd3 53. g4 f6+ 54. Ke4 Rd6 55. f4 Kg6 56. b4 axb4 57. axb4 Kf7 58.
Rc7+ Ke8 59. b5 Rd1 60. Rc6 Re1+ 61. Kf5 Ke7 62. Rxb6 Rc1 63. Re6+ {Etter 10-20
trekk ble svart satt matt. Her hadde hvit 3:37 minutter igjen mens svart hadde
1:30 igjen på hele partiet.} 1-0

[Event "Klubbmesterskapet"]
[Site "Kristiansund"]
[Date "2009.02.03"]
[Round "2"]
[White "Hoem, Audun"]
[Black "Simensen, Vegard"]
[Result "0-1"]
[WhiteElo "860"]
[BlackElo "1228"]
[PlyCount "54"]

1. d4 e6 2. Nf3 Nf6 3. Bf4 Be7 4. h3 b6 5. Nbd2 Bb7 6. e3
O-O 7. Bd3 Re8 8. O-O d6 9. c4 Nbd7 10. Re1 Rc8 11. Rc1 c5 12. Qc2 d5 13. cxd5
cxd4 14. Bc7 Nxd5 15. Bxd8 Rxc2 16. Rxc2 Rxd8 17. Be4 dxe3 18. fxe3 N7f6 19. Bxd5 Bxd5 20. Rec1 Bc5 21.
Re1 h6 22. Kh1 g5 23. e4 Bc6 24. Rf1 Nh5 25. Ne5 Ng3+ 26. Kh2 Nxf1+ 27. Nxf1
Bd6 0-1

[Event "Klubbmesterskapet"]
[Site "Kristiansund"]
[Date "2009.02.03"]
[Round "2"]
[White "Kristiansen, Tore"]
[Black "Edøy, Rune"]
[Result "1-0"]
[WhiteElo "1655"]
[BlackElo "1226"]
[PlyCount "107"]

1. e4 c5 2. Nf3 d6 3. d4 cxd4 4. Nxd4 g6 5. Nc3 Bg7 6. Be3
Nf6 7. Be2 O-O 8. O-O a6 9. Kh1 b5 10. a3 Bb7 11. Bf3 Nbd7 12. Nde2 Qc7 13. Rb1
Rac8 14. Ng3 Ne5 15. Be2 Nc4 16. Bxc4 Qxc4 17. f3 a5 18. Rf2 Nd7 19. Nd5 Bxd5
20. Qxd5 Qxd5 21. exd5 Rc7 22. c3 f5 23. Ne2 Rb8
24. Nd4 Bxd4 25. Bxd4 b4 26. axb4 axb4 27. Rd1 Rb5 28. Re2 Kf7 29. Rde1 Nb6 30.
Bxb6 Rxb6 31. c4 b3 32. Re3 Rb4 33. Kg1 Rbxc4 34. Rxb3 Rc1 35. Kf1 Rxe1+ 36.
Kxe1 Kf6 37. Re3 Rc5 38. Rd3 f4 39. Rd2 Rb5 40. Kf1 Rb3 41.
Kf2 h6 42. g3 Rb4 43. gxf4 Kf5 44. Ke3 Rb3+ 45. Kf2 Kxf4 46. Rd4+ Kf5 47. Rd2
Ke5 48. Kg3 Re3 49. Kg4 Re1 50. Kg3 g5 51. Kg4 Re3 52. Kg3 h5 53. Kf2 Kf4 54.
Rd4+ 1-0

[Event "Klubbmesterskapet"]
[Site "Kristiansund"]
[Date "2009.01.13"]
[Round "1"]
[White "Schanzenbecher, Pat"]
[Black "Hoem, Audun"]
[Result "1-0"]
[WhiteElo "1373"]
[BlackElo "860"]
[PlyCount "67"]

1. d4 d5 2. c4 e5 3. dxe5 d4 4. Nf3 ({Laskerfella:} 4. e3
Bb4+ 5. Bd2 dxe3 6. Bxb4 $4 exf2+ 7. Ke2 fxg1=N+) 4... Nc6 5. e3 Bg4 6. e4 Nxe5
7. Bf4 Bxf3 8. gxf3 Qf6 9. Bxe5 Qxe5 10. Qa4+ c6 11. Nd2 Bc5 12. Bd3 Qd6 13.
O-O-O O-O-O 14. Rde1 Re8 15. a3 Qf4 16. b4 Be7 17. Qxa7 Nf6 18. Qxd4 Rd8 19.
Qe3 Qxe3 20. Rxe3 c5 21. e5 Nh5 22. Bf5+ Kc7 23. Ne4 g6 24. Bh3 cxb4 25. axb4
Bxb4 26. Rd1 Rxd1+ 27. Kxd1 Nf4 28. Bf1 Ra8 29. Kc2 Kc6 30. Rb3 Ra2+ 31. Kb1
Ra4 32. Kb2 b5 33. cxb5+ Kb6 34. Bc4 {oppgitt. Svart hadde også bare noen minutter igjen til tidskontrollen.} 1-0

[Event "Klubbmesterskapet"]
[Site "Kristiansund"]
[Date "2009.01.13"]
[Round "1"]
[White "Simensen, Vegard"]
[Black "Hoem, Tor Wetle"]
[Result "0-1"]
[WhiteElo "1228"]
[BlackElo "1774"]
[PlyCount "79"]

1. e4 e5 2. Nf3 Nc6 3. Bc4 Nf6 4. Nc3 d6 (4... Nxe4 5. Nxe4 d5 6. Bd3 dxe4 7.
Bxe4) 5. Ng5 Bg4 6. f3 (6. Bxf7+ Kd7 7. f3 Bh5) 6... Bh5 7. d3 Be7 8. Be3 Qd7
9. Qd2 Nd4 10. Bxd4 exd4 11. Ne2 h6 12. Nh3 Bxf3 13. Nxd4 Bg4 14. Nf2 O-O 15.
O-O d5 16. exd5 Nxd5 17. c3 Bg5 18. Qe1 Ne3 19. Nxg4 Nxg4 20. Qg3 Rae8 21. Kh1
Re3 22. Rf3 Rxf3 23. gxf3 Ne3 24. Rg1 Nxc4 25. dxc4 Bf6 26. Qf4 Bg5 27. Qg3 Re8
28. f4 Bf6 29. Qf2 c5 30. Nc2 Qd3 31. Ne1 Qxc4 32. Qd2 Re2 33. Qd6 Qe4+ 34. Ng2
Rxb2 35. Qxc5 Rxa2 36. Qc7 a5 37. Qc8+ Kh7 38. Qf8 Qf5 39. Qe8 Bxc3 40. Qe2 {
og hvit gir samtidig opp, og tapte også på tid.} 0-1

[Event "Klubbmesterskapet"]
[Site "Kristiansund"]
[Date "2009.01.13"]
[Round "1"]
[White "Hoem, Per Erik"]
[Black "Kristiansen, Tore"]
[Result "1/2-1/2"]
[WhiteElo "1389"]
[BlackElo "1655"]
[PlyCount "112"]

1. d4 d5 2. Nf3 Nf6 3. c4 dxc4 4. e3 Bg4 5. Bxc4 e6 6. O-O
Nc6 7. Nbd2 Bd6 8. a3 O-O 9. b4 a6 10. Bb2 Re8 11. h3 Bh5 12. Re1 e5 13. d5 Ne7
14. e4 c6 15. dxc6 Nxc6 16. Qb3 Rc8 17. Rac1 Bg6 18. Nh4 Qe7 19. Nxg6 hxg6 20.
Nf3 Rc7 21. Rcd1 Rd7 22. Ng5 Nd8 23. Qe3 Nh7 24. Nxh7 Kxh7 25. Rd3 Ne6 26. Bxe6
Qxe6 27. Red1 Red8 28. Qb6 Qe7 29. Rd5 Bb8 30. Qe3 {
Hvit har 6 minutter igjen på de siste 10 trekkene.} Rxd5 {
og svart har 11 minutter igjen.} 31. Rxd5 Rxd5 32. exd5 Qd6 33. Qe4 f5 34. Qc4
Ba7 35. Kf1 Qb6 36. Qe2 e4 37. Bc1 Qd6 38. Qc4 Qe5 {
med 2,5 minutter igjen har ikke svart tid til å regne på} (38... Qh2) 39. Be3
Qa1+ 40. Qc1 Qxc1+ {
Begge spillerne har under 10 sekunder igjen til tidskontrollen!} 41. Bxc1 Bb8
42. g3 Kg8 43. Ke2 Kf7 44. Bf4 Ba7 45. f3 exf3+ 46. Kxf3 Bd4 47. Ke2 b5 48. Kd3
Bb2 49. Kc2 Bf6 50. h4 Ke8 51. Kb3 Kd7 52. a4 Be7 53. axb5 axb5 54. Kc3 Bf6+
55. Kd3 Be7 56. Kc3 Bf6+ {57. Remis.} 1/2-1/2

[Event "Klubbmesterskapet"]
[Site "Kristiansund"]
[Date "2009.01.20"]
[Round "1"]
[White "Dahlen, Ole Henrik"]
[Black "Nilsen, Roy André"]
[Result "1/2-1/2"]
[WhiteElo "962"]
[BlackElo "685"]
[PlyCount "23"]

1. e4 d6 2. Nf3 Bg4 3. Bc4 Nc6 4. O-O Ne5 5. Be2 Qd7 6.
Nc3 O-O-O 7. b3 g6 8. Nd5 Nf6 9. Nxf6 exf6 10. Bb2 Bxf3 11. Bxf3 Nxf3+ 12. Qxf3
$11 {Remis.} 1/2-1/2

[Event "Klubbmesterskapet"]
[Site "?"]
[Date "2009.04.28"]
[Round "6"]
[White "Hoem, Per Erik"]
[Black "Simensen, Vegard"]
[Result "1-0"]
[WhiteElo "1406"]
[BlackElo "1360"]
[PlyCount "105"]
[EventDate "2009.04.22"]
[SourceDate "2009.04.29"]

1. d4 d5 2. c4 e6 3. e3 Nf6 4. Nf3 g6 5. Nc3 Bg7 6. Be2 O-O 7. O-O Nbd7 8. b3
b6 9. Bb2 (9. cxd5 exd5) 9... Bb7 10. Rc1 Rc8 11. cxd5 exd5 12. Nb5 a6 13. Na7
Ra8 14. Nc6 Bxc6 15. Rxc6 Ne4 16. Qc2 Ra7 17. Rc1 g5 18. Rxc7 Rxc7 19. Qxc7 Qe7
20. Bd3 (20. Bxa6 Ra8 21. a4 Rxa6 22. Qc8+) 20... f6 21. Bxe4 dxe4 22. Nd2 f5
23. Qc4+ Kh8 24. Qxa6 f4 25. Ba3 Qe6 26. Bxf8 Bxf8 27. Qc4 Qg4 28. h3 Qf5 29.
exf4 Qxf4 30. Qe2 Nf6 31. Qe3 Qf5 32. g4 Qd5 33. f3 exf3 34. Nxf3 Ne4 35. Rc8
Kg7 36. Re8 Nc3 37. Qe5+ Qxe5 38. Rxe5 Nxa2 39. Rxg5+ Kf7 40. Rb5 Bh6 41. Rxb6
Bf4 42. Ne5+ Ke7 43. Kf2 Nc3 44. Kf3 Bg5 45. Rb7+ Ke6 46. Rxh7 Nb5 47. Ke4 Nc3+
48. Kd3 Nd5 49. h4 Bf4 50. g5 Bxe5 51. dxe5 Kxe5 52. Kc4 Nf4 53. b4 1-0